Statistics for Bible - Book of Numbers Trivia

Click here to take the quiz!

General Stats

  • This quiz has been taken 65 times
  • The average score is 12 of 20

Answer Stats

HintAnswer% Correct
Moses struck what with his staff to produce water?Rock
85%
The Lord commanded Moses to take a census of all the men ______ years old or moreTwenty
85%
Who is to succeed Moses?Joshua
83%
Cities of refuge were for those who accidentally committed what sin?Murder
81%
After attacking the Midianites, anyone who had touched a dead body had to stay outside the camp for _____ daysSeven
78%
Which animal spoke to the above?Donkey
76%
Which tribe was in charge of the tabernacle?Levite
76%
Joshua and _____ were the only ones who didn't discourage the Israelites from going into Canaan after surveying the landCaleb
73%
What opened up and "swallowed" the above?The Earth
71%
Who is the man who was supposed to curse the Israelites but instead blessed them?Balaam
69%
What did the above see?Angel
61%
The tribe of Reuben, the tribe of ___, and the half tribe of Manasseh decided to settle east of the Jordan.Gad
58%
What was the snake that Moses put up on a pole, to save the Israelites from dying of snake venom, made out of?Bronze
56%
Who got angry because the prophet blessed the Israelites instead of cursing them?Balak
41%
What is the western boundary of Canaan?Mediterranean Sea
37%
The daily offering to the Lord is two _____Lambs
36%
Who's followers died in the fire that devoured 250 men?Korah
34%
Phinehas killed the Israelite man who brought a Midianite woman into camp with what?Spear
32%
What is the name of the priest who takes a census with Moses?Eleazar
24%
Who's daughters wanted to keep alive the inheritance of their father, even though he had had no sons?Zelophehad
12%

Score Distribution

Percentile by Number Answered

Percent of People with Each Score

Your Score History

You have not taken this quiz